00238nam a2200097Ia 4500001000800000005001700008008004100025020001800066245003700084260001900121127588320260417160436.0260417s9999 xx 000 0 und d a9786258486407 0aTatlı RüyalarcMahsa Hedayati bKetebe Çocuk